000 00532nam a22001697a 4500
005 20251108171046.0
008 250721s1998 xx 000 0 ara d
082 1 4 _a926.1/عوا
100 1 _aالعوايشة، فرج أحمد
245 1 0 _aأعلام النهضة الطبية عند العرب و المسلمين من ظهور الإسلام و حتى القرن العشرين /
264 1 _aعمان :
_c1998.
300 _aج
650 1 7 _aالتراجم
650 1 7 _aالطب
942 _2ddc
_cBK
999 _c55530
_d55530